Estar a la altura : una historia de los niveles de vida en México, 1850-1950 /
Saved in:
| 主要作者: | |
|---|---|
| 其他作者: | |
| 格式: | 電子 電子書 |
| 語言: | 西班牙语 英语 |
| 出版: |
México, D.F. :
Fondo de Cultura Económica,
2015.
|
| 版: | Primera edición electrónica. |
| 叢編: | Sección de obras de economía (Fondo de Cultura Económica (Mexico))
|
| 主題: | |
| 在線閱讀: | Digitalia Hispánica |
| 標簽: |
添加標簽
沒有標簽, 成為第一個標記此記錄!
|
MARC
| LEADER | 00000cam a2200000 i 4500 | ||
|---|---|---|---|
| 001 | DIGFCE1078 | ||
| 003 | NyNyDIG | ||
| 008 | 220206t20152015mx a ob 001 0 spa d | ||
| 006 | m o d | ||
| 007 | cr ||||||||||| | ||
| 035 | |a (OCoLC)1319855493 | ||
| 040 | |a DGITA |b eng |e rda |e pn |c DGITA | ||
| 020 | |a 9786071630780 |q (eBook |q ePub) | ||
| 020 | |a 6071630789 |q (eBook |q ePub) | ||
| 020 | |z 9786071624178 | ||
| 020 | |z 6071624177 | ||
| 041 | 1 | |a spa |h eng | |
| 043 | |a n-mx--- | ||
| 050 | 4 | |a HD6996 ebook | |
| 082 | 0 | 4 | |a 339.47097209034 |2 23/eng/20221022 |
| 100 | 1 | |a López-Alonso, Moramay, |e author. | |
| 240 | 1 | 0 | |a Measuring up. |l Spanish |s (Pimentel y Lusarreta) |
| 245 | 1 | 0 | |a Estar a la altura : |b una historia de los niveles de vida en México, 1850-1950 / |c Moramay López-Alonso ; traducción, Marcela Pimentel y Lusarreta. |
| 246 | 3 | 0 | |a Historia de los niveles de vida en México, 1850-1950 |
| 250 | |a Primera edición electrónica. | ||
| 264 | 1 | |a México, D.F. : |b Fondo de Cultura Económica, |c 2015. | |
| 264 | 4 | |c ©2015 | |
| 300 | |a 1 online resource : |b illustrations. | ||
| 336 | |a text |b txt |2 rdacontent | ||
| 337 | |a computer |b c |2 rdamedia | ||
| 338 | |a online resource |b cr |2 rdacarrier | ||
| 347 | |a text file |2 rdaft | ||
| 347 | |b EPUB | ||
| 490 | 1 | |a Sección de obras de economía | |
| 504 | |a Includes bibliographical references and index. | ||
| 588 | 0 | |a Online resource; title from EPUB title page (Digitalia, viewed February 6, 2022). | |
| 650 | 0 | |a Cost and standard of living |z Mexico |x History. | |
| 650 | 0 | |a Stature |z Mexico |x History. | |
| 650 | 0 | |a Diet |z Mexico |x History. | |
| 650 | 0 | |a Public health |z Mexico |x History. | |
| 650 | 0 | |a Public welfare |z Mexico |x History. | |
| 650 | 0 | |a Poverty |z Mexico |x History. | |
| 700 | 1 | |a Pimentel y Lusarreta, Marcela, |e translator. | |
| 700 | 1 | |i Translation of: |a López-Alonso, Moramay. |t Measuring up. | |
| 791 | 2 | |a Digitalia (Firm), |e distributor. | |
| 793 | 0 | |g Digitalia eBook Collection: |a Fondo de Cultura Económica | |
| 776 | 0 | 8 | |i Print version: |a López-Alonso, Moramay. |s Measuring up. Spanish (Pimentel y Lusarreta). |t Estar a la altura. |b Primera edición en español. |d México : Fondo de Cultura Económica, [2015] |z 9786071624178 |
| 830 | 0 | |a Sección de obras de economía (Fondo de Cultura Económica (Mexico)) | |
| 856 | 4 | 0 | |3 Digitalia Hispánica |u https://digitalia.unach.elogim.com/a/64432/ |
| 910 | |a Premium Collection: 2022 | ||